000
00367nam a22001577a 4500
003
MPLRDC
005
20220104123426.0
008
210129b ||||| |||| 00| 0 eng d
082
_a
958 MAL-2 v.2 c.2
100
_a
不详
245
_a
第二届马、星、婆摄影展
_c
260
_a
_b
不详
_c
300
_b
平
650
_a
942
_c
BK
_o
958 MAL-2 v.2 c.2
999
_c
11333
_d
11323